1695 1878 1068 1698 1886 1660 1226 1129 1368 1978 1425 1996 1566 1475 1281 1345 1553 1956 1873 1305 1056 1589 1807 1305 1597 1276 1316 1998 1094 1924 1883 1351 1491 1057 1961 1122 1327 1300 1430 1307 1887 1049 1856 1086 1520 1325 1278 1838 1984 1133 1257 1962 1968 1718 1866 1426 1609 1956 1522 1414 1051 1444 1416 1099 1177 1344 1489 1019 1566 1856 1763 1184 1756 1837 1183 1321 1991 1565 1047 1807 1898 1660 1456 1845 1416 1454 1981 1550 1780 1015 1637 1198 1101 1034 1427 1374 1992 1713 1713 BCNSPRNW ULIB Ver.6.0+V

เปลี่ยนเป็นภาษาไทย

Change to English
 แสดงรายละเอียดบรรณานุกรม
  กลับหน้าหลัก

Brief Record : Get Marc (ISO 2709) : E-mail record : QR code < ปิดหน้าต่าง
LEADER : 00000nam 2200000uu 4500
001    13399123933
003     ULIB
008    020711s2557 th a 000 0 tha d
020    9789740332299
050    LB1051^bอ522จ
100    อัชรา เอิบสุขสิริ
245    จิตวิทยาสำหรับครู/^cอัชรา เอิบสุขสิริ
250    พิมพ์ครั้งที่ 2
260    กรุงเทพฯ :^bสำนักพิมพ์แห่งจุฬาลงกรณ์,^c2557
300    360 หน้า;^b21 ซม.
650    จิตวิทยาการศึกษา
650    การเรียนรู้^xจิตวิทยา
650    การแนะแนวการศึกษา
945    ^p210^l0^i22711
945    ^p210^l0^i22712
945    ^p210^l0^i22713
945    ^p210^l0^i22714
945    ^p210^l0^i22715
รายการนี้ยังไม่มีแท็ก
คุณยังไม่ได้ล็อกอิน คุณสามารถมีกิจกรรมร่วมกับเว็บไซต์ได้ แต่ต้องล็อกอินก่อน ::
  ล็อกอิน

รายการสื่อสารสนเทศ

ลำดับที่ ประเภท เลขเรียก/บาร์โค้ด สถานที่ สถานะ
1. การศึกษาทั่วไป
การศึกษาทั่วไป
LB1051 อ522จ ฉ.1 
  Barcode: 22711
ห้องสมุดวิทยาเขตนครสวรรค์
►หนังสือทั่วไป:l:General Books
บนชั้น
2. การศึกษาทั่วไป
การศึกษาทั่วไป
LB1051 อ522จ ฉ.2 
  Barcode: 22712
ห้องสมุดวิทยาเขตนครสวรรค์
►หนังสือทั่วไป:l:General Books
บนชั้น
3. การศึกษาทั่วไป
การศึกษาทั่วไป
LB1051 อ522จ ฉ.3 
  Barcode: 22713
ห้องสมุดวิทยาเขตนครสวรรค์
►หนังสือทั่วไป:l:General Books
บนชั้น
4. การศึกษาทั่วไป
การศึกษาทั่วไป
LB1051 อ522จ ฉ.4 
  Barcode: 22714
ห้องสมุดวิทยาเขตนครสวรรค์
►หนังสือทั่วไป:l:General Books
บนชั้น
5. การศึกษาทั่วไป
การศึกษาทั่วไป
LB1051 อ522จ ฉ.5 
  Barcode: 22715
ห้องสมุดวิทยาเขตนครสวรรค์
►หนังสือทั่วไป:l:General Books
บนชั้น

รายการใกล้เคียง
    ผู้แต่ง [อัชรา เอิบสุขสิริ]

    หัวเรื่อง [จิตวิทยาการศึกษา]
    หัวเรื่อง [การแนะแนวการศึกษา]

BibComment


ยังไม่เคยถูกคอมเมนท์

คอมเมนท์ทรัพยากรรายการนี้
  คอมเมนท์: จิตวิทยาสำหรับครู..


 Copyright 2026. Bcnsprnw @Library